Izraeli turisták utazási szokásai

Bibliográfiai részletek
Szerző: Porkoláb Kíra
További közreműködők: Rézmányi Zsolt
Dokumentumtípus: Projektmunka
Kulcsszavak:alkalmazottak magatartása
Izrael
külföldiek Magyarországon
szállodaipar
utazás
Online Access:http://dolgozattar.uni-bge.hu/59874

MARC

LEADER 00000nnm a2200000 i 4500
001 dolg59874
005 20260409145700.0
008 260409suuuu hu o 000 hun d
040 |a BGE Dolgozattár Repozitórium  |b hun 
041 |a hu 
100 1 |a Porkoláb Kíra 
245 1 0 |a Izraeli turisták utazási szokásai  |c Porkoláb Kíra  |h [elektronikus dokumentum] 
516 |a Project_work 
520 3 |a Dolgozatomban az izraeli turisták utazási szokásait vizsgálom, különös hangsúlyt fektetve arra, hogyan nyilvánulnak meg ezek a mindennapokban egy budapesti szállodai környezetben, különösen a Vision Hotel recepcióján szerzett személyes tapasztalataimnak köszönhetően. Igyekeztem részletesen bemutatni az izraeli vendégek vallási és kulturális sajátosságait, például a kóser étkezést, a Sabbath betartását és az eltérő kommunikációs stílusokra vonatkozó igényeket. A dolgozatban kitekintünk a COVID-19 világjárvány, az izraeli–hamászi konfliktus, valamint az orosz–ukrán háború turizmusra gyakorolt hatásaira is, amelyek befolyásolták az izraeli turisták utazási kedvét és célpontválasztását. A dolgozat végén igyekeztem elemzni a szállodai vendégfogadás kihívásait, és végül olyan konkrét javaslatokat szerettem volna megfogalmazni, amelyek elősegítik a kulturálisan érzékenyebb, vendégközpontú szolgáltatásfejlesztést a szállodai gyakorlatban. 
695 |a alkalmazottak magatartása 
695 |a Izrael 
695 |a külföldiek Magyarországon 
695 |a szállodaipar 
695 |a utazás 
700 1 |a Rézmányi Zsolt  |e ths 
856 4 0 |u http://dolgozattar.uni-bge.hu/59874/1/IZRAELI%20TURIST%C3%81K%20UTAZ%C3%81SI%20SZOK%C3%81SAI%20%281%29.pdf  |z Dokumentum-elérés 
856 4 0 |u http://dolgozattar.uni-bge.hu/59874/2/Projektmunka%20b%C3%ADr%C3%A1lati%20lap_Porkol%C3%A1b%20K%C3%ADra.pdf  |z Dokumentum-elérés